El ciclista del San Cristobal

Saved in:
Bibliografiske detaljer
Hovedforfatter: Skarmeta, Antonio (Author)
Format: Bog
Sprog:spansk
Udgivet: Santiago Quimantú 1973
Serier:Colección Quimantú para todos, 40
Fag:
Tags: Tilføj Tag
Ingen Tags, Vær først til at tagge denne postø!

MARC

LEADER 00000nam a2200000 a 4500
001 UCX3063
003 CL-VaPUC
008 910923e19730000CL |||||||||||||||||spa|d
082 0 4 |a Ch863  |b SKA  |2 21 
100 0 |a Skarmeta, Antonio  |e author  |9 319174 
245 1 3 |a El ciclista del San Cristobal 
300 |a 151 p 
942 |c BK 
945 |d 19910923 00:00:00 
260 |a Santiago  |b Quimantú  |c 1973 
650 0 |a Cuentos chilenos   |9 308280 
583 |a last modification  |c 19910923 00:00:00  |k Rodrigo Vera 
490 0 |a Colección Quimantú para todos, 40 
999 |c 223929  |d 223927 
952 |0 0  |1 0  |4 0  |6 CH_863_000000000000000_SKA_1973  |7 0  |8 A  |9 220190  |a BIBEDU  |b BIBEDU  |d 2019-11-15  |i 2888890  |o Ch863 SKA 1973  |p 2888890  |r 2019-11-15  |w 2019-11-15  |y BK  |k LIT